Responses for Show #6274 - Thursday, December 22, 2011

Jason Keller game 5.

Contestants

[<< previous game]

Isaac Patterson, a grocer from Seattle, Washington

Niall Prendergast, a medical student originally from Norwich, Vermont

Jason Keller, a tutor from Highland Park, New Jersey (whose 4-day cash winnings total $94,800)

[next game >>]

Jeopardy! Round responses

A MATTER OF SOME GRAVITY
FRUITS & VEGETABLES
BEWARE OF GOD
GEORGE STRAIT TO NO. 1
"CUS" WORDS
PARDON MY FRENCH
    $200 1
(Jason: What is the 17th?)

the 18th century

Jason
Triple Stumper
    $200 4
lettuce

Jason
    $200 12
Midas

Jason
    $200 26
In Texas

Jason
    $200 11
custard

Isaac
    $200 16
the Foreign Legion

Isaac
    $400 2
zero gravity

Niall
    $400 7
a kiwi

Niall
    $400 17
Thor

Isaac
    $400 27
The Heart

Jason
    $400 13
custody

Niall
    $400 22
relish

Niall
    $600 3
its orbit

Isaac
    $600 8
Jerusalem

Niall
    $600 18
(Isaac: Who is Hermes?)

Cupid

NiallIsaac
    $600 28
a fire

Jason
    $600 14
the cusp

Isaac
    $600 23
the Tetons

Niall
    $1,000 5
Newton

Jason
    $800 9
a cantaloupe

Isaac
    $800 20
Shiva

Jason
    $800 29
Blue

Jason
    $800 15
(Isaac: What are your cusp teeth?)

cuspids

JasonIsaac
    $800 24
love

Jason
    $1000 6
center of gravity

Isaac
    $1000 10
nopales

Jason
    $1000 21
his liver

Niall
    $1000 30
(Niall: What is Down?)
(Isaac: What is Apart?)
(Jason: What is In Love?)
(Alex: No, it might've helped if you had been able to think of a Patsy Cline song.)

To Pieces

JasonNiallIsaac
Triple Stumper
    $1000 19
custodian

Niall
    $1000 25
French Guiana

Jason

Scores at the first commercial break (after clue 15):

Jason Niall Isaac
$3,000 $1,800 $2,400

Scores at the end of the Jeopardy! Round:

Jason Niall Isaac
$6,600 $4,400 $1,400

Double Jeopardy! Round responses

IN BRITAIN'S NATIONAL PORTRAIT GALLERY
6-LETTER TV SHOWS
FLEECE NAVIDAD
A WHALE OF A BOOK
2-LETTER WORDS
TRY STATE AREA
    $400 1
Merlin

Jason
    $400 21
eBay

Isaac
    $400 8
the Humpback

Jason
    $400 3
the ax

Niall
    $400 2
(Jason: What is California?)

Alaska

Jason
Triple Stumper
    $800 13
Fringe

Isaac
    $800 22
fiber optics

Niall
    $800 17
John Steinbeck

Triple Stumper
    $800 4
it

Jason
    $800 9
Rhode Island

Niall
    $4,000 28
[The end-of-round signal sounds.]

the Brontës

Niall
    $1200 14
Cheers

Jason
    $1200 23
Vermont

Jason
    $1200 18
San Francisco Bay

Jason
    $1200 5
za

Jason
    $1200 10
Washington

Jason
    $1600 27
(Sir Thomas) More

Niall
    $1600 15
Dexter

Jason
    $1600 24
sheep

Jason
    $1600 19
New Zealand

Jason
    $1600 6
ye

Jason
    $1600 11
(Isaac: What is Hawaii?)

Louisiana

Isaac
Triple Stumper
    $2000 26
Christopher Wren

Niall
    $2000 16
Archer

Jason
    $2000 25
(Alex: With a minute to go.)

jumpers

Niall
    $2000 20
Nantucket

Jason
    $2000 7
(Isaac: What is Banyan?)

bo

Isaac
Triple Stumper
    $2,000 12
(Jason: What is North Carolina?)

Georgia

Jason

Scores at the end of the Double Jeopardy! Round:

Jason Niall Isaac
$22,200 $16,000 -$1,000

[wagering suggestions for these scores]

Final Jeopardy! Round responses

ISLANDS
(Alex: This is one of those days when we needed only about seven seconds of the "Think!" music. You guys wrote down your responses so quickly.)
NiallWhat is Honshu?
$6,201
JasonWhat is Honshu?
$10,000
(1 of) Honshu or Java

Final scores:

Jason Niall Isaac
$32,200 $22,201 -$1,000
5-day champion: $127,000 2nd place: $2,000 3rd place: $1,000

Game dynamics:

Coryat scores:

Jason Niall Isaac
$24,000 $13,200 -$1,000
26 R
(including 1 DD),
4 W
(including 1 DD)
16 R
(including 1 DD),
1 W
9 R,
5 W

Combined Coryat: $36,200

[game clues] [game scores] [suggest correction]

Game tape date: 2011-10-26
The J! Archive is created by fans, for fans. Scraping, republication, monetization, and malicious use prohibited; this site may use cookies and collect identifying information. See terms. The Jeopardy! game show and all elements thereof, including but not limited to copyright and trademark thereto, are the property of Jeopardy Productions, Inc. and are protected under law. This website is not affiliated with, sponsored by, or operated by Jeopardy Productions, Inc. Join the discussion at JBoard.tv.